Xuất khẩu lao động Việt Nam thời đổi mới và hội nhập : Sách chuyên khảo
Sách là công trình nghiên cứu tiếp cận toàn diện về hoạt động xuất khẩu lao động, làm rõ các vấn đề lý luận về xuất khẩu lao động trong hội nhập kinh tế quốc tế; tổng kết, đánh giá thực tiễn để từ đó đưa ra các giải pháp hiệu...
Guardado en:
| Autor principal: | |
|---|---|
| Formato: | Libro |
| Lenguaje: | Undetermined |
| Publicado: |
Hà Nội
Từ điển Bách khoa
2011
|
| Materias: | |
| Etiquetas: |
Agregar Etiqueta
Sin Etiquetas, Sea el primero en etiquetar este registro!
|
| Thư viện lưu trữ: | Trung tâm Học liệu Trường Đại học Cần Thơ |
|---|
| LEADER | 01178nam a2200229Ia 4500 | ||
|---|---|---|---|
| 001 | CTU_174947 | ||
| 008 | 210402s9999 xx 000 0 und d | ||
| 020 | |c 82000 | ||
| 082 | |a 331.12 | ||
| 082 | |b H561 | ||
| 100 | |a Lưu, Văn Hương | ||
| 245 | 0 | |a Xuất khẩu lao động Việt Nam thời đổi mới và hội nhập : | |
| 245 | 0 | |b Sách chuyên khảo | |
| 245 | 0 | |c Lưu Văn Hương | |
| 260 | |a Hà Nội | ||
| 260 | |b Từ điển Bách khoa | ||
| 260 | |c 2011 | ||
| 520 | |a Sách là công trình nghiên cứu tiếp cận toàn diện về hoạt động xuất khẩu lao động, làm rõ các vấn đề lý luận về xuất khẩu lao động trong hội nhập kinh tế quốc tế; tổng kết, đánh giá thực tiễn để từ đó đưa ra các giải pháp hiệu quả hơn. | ||
| 650 | |a Labor supply,Foreign trade and employment,Cung cấp lap động,Ngoại thương và việc làm | ||
| 650 | |z Vietnam,Việt Nam | ||
| 904 | |i Trọng Hiếu | ||
| 980 | |a Trung tâm Học liệu Trường Đại học Cần Thơ | ||